Retrouvez les titres de "To pimp a Butterfly" de Kendrick Lamar - Statistiques

Statistiques générales
  • Ce quiz a été pris 30 fois
  • Le résultat moyen est 10 sur 16
Statistiques - réponses
Hint Réponse % Correct
7 Alright
93%
1 Wesley's Theory
93%
15 i
89%
3 King Kunta
89%
6 u
89%
5 These Walls
74%
2 For Free? - Interlude
67%
11 How Much a Dollar Cost
67%
13 The Blacker the Berry
63%
16 Mortal Man
59%
4 Institutionalized
56%
9 Momma
56%
8 For Sale? - Interlude
52%
10 Hood Politics
52%
12 Complexion (A Zulu Love)
22%
14 You Ain't Gotta Lie (Momma Said)
22%
Aucun quiz correspondant
Distribution des résultats
% des personnes avec chaque résultat
Percentile par nombre de réponses
Votre historique - résultats
Vous n’avez pas pris ce quiz